| 000 | 00626nam a22002057a 4500 | ||
|---|---|---|---|
| 005 | 20250519133245.0 | ||
| 008 | 250519b |||||||| |||| 00| 0 eng d | ||
| 040 | _cDO | ||
| 245 | _aOrphan Gorillas | ||
| 250 | _aFebruary 2000 Vol. 197 No. 2 | ||
| 490 | _aNational Geographic | ||
| 520 | _aBlack Dragon River, The Rise of Life on Earth, Albanians: Apeople Undone, Eyewitness Kosovo, Central Africa's Orphan Gorillas, Selma to Montgomery, Ancient Greece | ||
| 650 | _xRIVER | ||
| 650 | _xMESSSEL | ||
| 650 | _xALABANIANS | ||
| 650 | _xKOSOVO | ||
| 650 | _xGORILLAS | ||
| 650 | _xANCIENT GREECE II | ||
| 942 |
_2ddc _cCR |
||
| 999 |
_c5536 _d5536 |
||